Statistics for Word Ladder - Alarm to Force

Click here to take the quiz!

General Stats

  • This quiz has been taken 76 times
  • The average score is 8 of 15

Answer Stats

HintAnswer% Correct
Sound to warn of approaching dangerAlarm
100%
Physical power or strengthForce
90%
Fortified inclosures or structuresForts
63%
Speech sounds that communicate meaningsWords
62%
Birch, oak and pine are all typesWoods
60%
Small, limbless invertebratesWorms
60%
ShapesForms
57%
Strong PointForte
57%
Positive or desirable qualitiesGoods
48%
An open space in a forestGlade
37%
Shine with a harshly brilliant lightGlare
37%
Sticks with pointed ends to drive cattleGoads
37%
Feeling pleasuresGlads
29%
Pertaining to wingsAlary
13%
Harshly brilliantGlary
8%

Score Distribution

Percentile by Number Answered

Percent of People with Each Score

Your Score History

You have not taken this quiz